Espacios : puntos de encuentro = Spaces 13 : Points of Encounter /
Serie eminentemente visual, que presenta las propuestas de diversos despachos arquitectónicos mexicanos, en torno a distintos géneros. Incluye breves textos y un directorio de los creadores considerados, con una caracterización de la obra que realizan.
Tallennettuna:
| Päätekijä: | |
|---|---|
| Muut tekijät: | , |
| Aineistotyyppi: | Kirja |
| Kieli: | espanja |
| Julkaistu: |
México :
AM Editores,
2010, c2010
|
| Sarja: | (Espacios en Arquitectura ;
13) |
| Aiheet: | |
| Tagit: |
Ei tageja, Lisää ensimmäinen tagi!
|
MARC
| LEADER | 00000nam^a2200000^a^4500 | ||
|---|---|---|---|
| 001 | 000578234 | ||
| 005 | 20250521000000.0 | ||
| 009 | 20260310132506.027 | ||
| 020 | |a 978-607-437-071-3 | ||
| 037 | |a Acervo ITESO - Biblioteca | ||
| 041 | |a ESP | ||
| 082 | |a 720. 972 |b ESP V. 13 | ||
| 100 | |a Haro Lebrija, Fernando de |e (edición) | ||
| 240 | 1 | 1 | |a [Espacios en arquitectura] |
| 245 | 1 | 0 | |a Espacios : |b puntos de encuentro = Spaces 13 : Points of Encounter / |c Ed. de F. de Haro Lebrija, O. Fuentes Elizondo ; introd. de J.J. Sánchez-Aedo ; tr. por Babel International Translators. |
| 264 | 4 | |a México : |b AM Editores, |c 2010, c2010 | |
| 300 | |a 165 p. | ||
| 336 | |a texto |b txt |2 rdacontenido | ||
| 337 | |a sin mediación |b n |2 rdamedio | ||
| 338 | |a volumen |b nc |2 rdasoporte | ||
| 440 | 1 | |a (Espacios en Arquitectura ; |v 13) | |
| 520 | |a Serie eminentemente visual, que presenta las propuestas de diversos despachos arquitectónicos mexicanos, en torno a distintos géneros. Incluye breves textos y un directorio de los creadores considerados, con una caracterización de la obra que realizan. | ||
| 546 | |a Edición bilingüe español-inglés | ||
| 649 | |a XX | ||
| 650 | |a Arquitectos Mexicanos | ||
| 650 | |a Artistas Mexicanos | ||
| 650 | |a Decoración y Ornamentación - |z México | ||
| 650 | |a Arquitectura (Tendencias Recientes) - |z México - |x Tema Principal | ||
| 650 | |a Arquitectura (Tendencias Recientes) - |z México - |x Historia y Crítica | ||
| 650 | |a Arquitectura Mexicana - |x Historia y Crítica | ||
| 650 | |a Arquitectura Mexicana - |y Siglo XXI | ||
| 650 | |a Arte (Tendencias Recientes) - |z México - |x Historia y Crítica | ||
| 650 | |a Arte Mexicano - |x Historia y Crítica | ||
| 650 | |a Arte Mexicano - |y Siglo XXI | ||
| 700 | |a Fuentes Elizondo, Omar |e (edición) | ||
| 700 | |a Sánchez-Aedo, Juan José |e (introducción) | ||
| 910 | |a Fondo General | ||
| 920 | |a Impresos - Libros | ||
| 930 | |a Reserva Especial | ||
| 905 | |a 103 | ||
| 901 | |a 0500395484 |b IT1 |c REE |i C183132 |u 20250521 | ||
| 902 | |a https://opac.biblio.iteso.mx/vufind/Record/000578234 | ||